000
00268nam a22001217a 4500
008
170322b xxu||||| |||| 00| 0 eng d
041
_a
alb
080
_a
616.12-008-073
100
_a
7
101
_a
SHM
245
_a
ELEKTROKARDIOGRAFIA
_c
KADRIU, H.M
942
_2
udc
_c
BK
999
_c
8314
_d
8314